000 00372nam a2200145 i 4500
001 bg
100 1 _aŻYBURTOWICZ, Mikołaj
245 0 _aPrzykłady obliczeń konstrukcji stalowych /
_cM. Żyburtowicz.
250 _aWyd.3 popr. i zaktualiz.
260 _aWarszawa,
_c1982.
040 _cBPK
041 _apol
942 _cKS
008 s pl f |000 0 pol
999 _c4720
_d4720
856 _uhttp://koha.tu.koszalin.pl/cgi-bin/koha/opac-detail.pl?biblionumber=4720
_yKatalog online BPK